00690 2200265 4500001002100000005001500021035002000036007000300056008004100059020002200100082001100122084001700133100001900150245006300169250001000232260003200242300003500274500001100309500001400320650001700334700002200351504002900373990001100402990001100413INLIS00000000000397420190820031337 a0010-0819000117ta190820 g 0 ind  a978-602-97501-5-7 a551.45 a551.45 ELL m0 aELLEN, Tjandra1 aMengenal Pantai /cEllen Tjandra; editor, Diah Rahmatia R. acet.3 aBogor :bPakar Media,c2016 aiv, 60 hlm. :bilus. ;c25 cm. aIndeks aGlosarium 4aPANTAI. LAUT0 aDIAH, Rahmatia R. aBibliografi : hlm. 59-60 a6008 a a6008 b